Bibliografia / (Record no. 161159)

MARC details
000 -LEADER
campo de control de longitud fija 00742nam a22002535i 4500
001 - NÚMERO DE CONTROL
campo de control 161159
003 - IDENTIFICADOR DE NÚMERO DE CONTROL
campo de control ES-MaACL
005 - FECHA Y HORA DE LA ÚLTIMA TRANSACCIÓN
campo de control 20230906212214.0
008 - DATOS DE LONGITUD FIJA--INFORMACIÓN GENERAL
campo de control de longitud fija 971001s1892 it a |||| | ita d
040 ## - FUENTE DE CATALOGACIÓN
Centro catalogador/agencia de origen AR
Lengua de catalogación spa
Centro/agencia transcriptor AR
080 ## - NÚMERO DE LA CLASIFICACIÓN DECIMAL UNIVERSAL
Número de la Clasificación Decimal Universal 01(03)
100 1# - ENTRADA PRINCIPAL--NOMBRE DE PERSONA
Nombre de persona Ottino, Giuseppe.
9 (RLIN) 130744
245 10 - MENCIÓN DEL TÍTULO
Título Bibliografia /
Mención de responsabilidad, etc. di Giuseppe Ottino.
250 ## - MENCION DE EDICION
Mención de edición 2ª ed. riveduta.
260 ## - PUBLICACIÓN, DISTRIBUCIÓN, ETC.
Lugar de publicación, distribución, etc. Milano :
Nombre del editor, distribuidor, etc. Ulrico Hoepli,
Fecha de publicación, distribución, etc. 1892 (
Fabricante Tip. Lombardi)
300 ## - DESCRIPCIÓN FÍSICA
Extensión VIII, 166 p. :
Otras características físicas il. ;
Dimensiones 15 cm.
490 1# - MENCIÓN DE SERIE
Mención de serie Manuali Hoepli
700 11 - ENTRADA AGREGADA--NOMBRE PERSONAL
Nombre de persona Hoepli, Ulrico,
Término indicativo de función/relación
9 (RLIN) 128010
700 11 - ENTRADA AGREGADA--NOMBRE PERSONAL
Nombre de persona Lombardi,
Término indicativo de función/relación
9 (RLIN) 129041
752 ## - ENTRADA AGREGADA--NOMBRE JERÁRQUICO DEL LUGAR
País o entidad superior Italia -
Ciudad Milán
830 0# - PUNTO DE ACCESO ADICIONAL DE SERIE-TÍTULO UNIFORME
Título uniforme Manuali Hoepli
9 (RLIN) 180782
852 ## - LOCALIZACIÓN
Ubicación ES-MaACL
Número de control de estantería D-3592
Nota libre -- Enc. hol.
Holdings
Estatus retirado Estado de pérdida Estado de daño No para préstamo Colección Biblioteca de origen Biblioteca actual Ubicación en estantería Fecha de adquisición Fuente de adquisición Total de préstamos Signatura topográfica completa Código de barras Visto por última vez Precio de reemplazo Tipo de ítem Koha
        Libros del s. XIX Biblioteca del Ateneo de Madrid Biblioteca del Ateneo de Madrid Sala Valle Inclán 17/01/2008     D-3592 901168798 23/02/2023 23/02/2023 Libro impreso antiguo